Statistics for Jump between all Capital Cities: Closest Capital East, with a Map

Click here to take the quiz!

General Stats

  • This quiz has been taken 334 times
  • The average score is 78 of 196

Answer Stats

D B CAPITAL CITY % Correct
London
99%
321103ºBrussels
91%
17312ºAmsterdam
89%
319164ºLuxembourg
83%
311161ºBern
78%
15982ºVaduz
76%
117103ºZagreb
72%
400107ºLjubljana
72%
161116ºBudapest
67%
5597ºBratislava
67%
267Vienna
67%
75638ºMoscow
66%
40217ºKiev
66%
17463ºSofia
66%
243166ºPristina
66%
78163ºSkopje
65%
35736ºChisinau
65%
29649ºBucharest
65%
449109ºBaku
64%
536165ºTehran
64%
319159ºBelgrade
64%
1,648161ºTbilisi
64%
80197ºKathmandu
61%
423169ºDhaka
61%
47968ºBishkek
61%
1,597171ºNew Delhi
61%
66967ºAshgabat
61%
305Tashkent
61%
736126ºNaypyidaw
60%
91185ºDushanbe
60%
42793ºThimphu
60%
1,155100ºTokyo
59%
1,48020ºSeoul
59%
709106ºVientiane
59%
1,66774ºTaipei
59%
47944ºHanoi
59%
339135ºSan Jose
51%
1,058120ºGuatemala City
51%
177126ºSan Salvador
51%
21878ºTegucigalpa
51%
8,76665ºMexico City
51%
772129ºBogota
50%
1,02650ºCaracas
50%
239154ºManagua
50%
511101ºPanama City
50%
3,701149ºPalikir
50%
1,277130ºYaren
50%
126157ºFreetown
48%
361132ºMonrovia
48%
332140ºConakry
48%
205148ºBissau
48%
61384ºYamoussoukro
48%
16867ºLome
48%
1,148120ºApia
48%
15875ºPorto-Novo
48%
65392ºDakar
48%
579104ºAccra
48%
166145ºBanjul
48%
9514ºCastries
48%
4,32938ºPraia
48%
70472ºTarawa
48%
714167ºGeorgetown
48%
58672ºSaint George's
48%
2,523161ºBrasilia
48%
346107ºParamaribo
48%
1,325123ºBandar Seri Begawan
47%
1,289147ºFunafuti
47%
180123ºBridgetown
47%
60962ºAbuja
47%
76566ºColombo
46%
3,21132ºMale
46%
2,38271ºBangkok
46%
537116ºPhnom Penh
46%
1,25631ºManila
46%
1,343123ºVictoria
46%
30387ºYaounde
46%
78385ºBangui
46%
604166ºMalabo
46%
13424ºKingstown
46%
1,44687ºJuba
46%
513167ºKampala
46%
1,01768ºMogadishu
46%
503110ºNairobi
46%
1,734172ºPort Louis
45%
2,334143ºPort Moresby
43%
1,40289ºHoniara
42%
1,289135ºPort-Vila
42%
20299ºMontevideo
41%
7,13479ºWindhoek
41%
1,13996ºBuenos Aires
41%
10,00397ºSantiago
41%
1,683117ºMelekeok
41%
1,07292ºSuva
41%
744116ºNuku'alofa
41%
929104ºGaborone
40%
301102ºMbabane
39%
15074ºMaputo
39%
259117ºPretoria
39%
1,027126ºMoroni
37%
1,334Lilongwe
37%
920150ºAntananarivo
37%
88813ºDodoma
36%
368104ºIslamabad
36%
4,85514ºMuscat
35%
1,58640ºKabul
35%
10,60672ºLima
35%
5,770127ºMajuro
34%
1,048131ºAsuncion
34%
1,479121ºSucre
34%
7153ºKinshasa
33%
3,22460ºUlaanbaatar
33%
5,367176ºWellington
33%
1,170139ºBeijing
33%
81096ºPyongyang
33%
1,810179ºBrazzaville
32%
41572ºNiamey
32%
1,41296ºN'Djamena
32%
6,58843ºNouakchott
32%
1,046125ºBamako
32%
70392ºOuagadougou
32%
6,026151ºKuala Lumpur
31%
894158ºJakarta
31%
3,809141ºCanberra
31%
13,71074ºQuito
31%
301107ºAbu Dhabi
31%
2,08397ºDili
31%
1,06614ºRiyadh
31%
1,56486ºBujumbura
31%
17625ºKigali
31%
140137ºDoha
30%
3,30626ºAstana
30%
1,54938ºAddis Ababa
30%
42366ºManama
30%
55859ºDjibouti
30%
43215ºSana'a
30%
315130ºSingapore
30%
49461ºAndorra la Vella
28%
50367ºMadrid
28%
49874ºMonaco
28%
225179ºVatican City
28%
4103ºRome
28%
5,70463ºLisbon
28%
40586ºSan Marino
28%
24791ºSanto Domingo
28%
2,024Kingston
28%
95101ºSaint John's
28%
47582ºPort-au-Prince
28%
172154ºPodgorica
27%
52465ºSarajevo
27%
78099ºBasseterre
27%
206166ºRoseau
26%
82074ºAnkara
26%
499138ºAthens
26%
131159ºTirana
26%
529175ºNicosia
25%
84119ºDamascus
25%
241126ºBeirut
24%
75491ºBaghdad
23%
71253ºJerusalem
23%
423243ºCairo
23%
1,187284ºAmman
22%
556142ºKuwait City
22%
554247ºHavana
22%
946251ºRabat
21%
1,534181ºNassau
21%
357199ºTripoli
21%
517327ºTunis
21%
780129ºParis
20%
932225ºBelmopan
20%
732188ºWashington
20%
3,873238ºOttawa
20%
1,689292ºValletta
20%
635269ºAlgiers
20%
3,505342ºReykjavik
20%
88062ºBerlin
19%
3,029103ºPort-of-Spain
18%
280165ºPrague
17%
6,79646ºDublin
16%
1,985140ºYerevan
15%
2,377321ºRiga
15%
39345ºVilnius
15%
51862ºWarsaw
15%
303268ºSao Tome
14%
172120ºMinsk
14%
9,920178ºMaseru
14%
417278ºOslo
14%
443306ºStockholm
14%
83960ºTallinn
13%
82Helsinki
13%
5,010333ºCopenhagen
13%
1,244144ºLuanda
12%
6,601180ºLibreville
12%
3,695Khartoum
12%
1,791114ºLusaka
11%
398132ºHarare
11%
68791ºAsmara
11%

Score Distribution

Percentile by Number Answered

Percent of People with Each Score

Your Score History

You have not taken this quiz